000 00639nam a2200301Ia 4500
005 20260401122138.0
008 008 250103s9999 xx 000 0 eng d
020 _a745631215
037 _aTB
040 _aEDL
040 _beng
040 _cEDL
041 _2eng
041 _aeng
084 _a809 ORR
084 _qEDL
100 _aOrr, Mary
_91232718
245 0 _aIntertextuality: Debates and Contexts
245 0 _cOrr, Mary
260 _aCambridge
260 _bPolity
260 _c2003
300 _a246p
942 _cTB
942 _h809 ORR
999 _c1845240
_d1845240